Library Banner

میری دنیا (Record no. 81256)

MARC details
000 -LEADER
fixed length control field 00394nam a22001457a 4500
005 - DATE AND TIME OF LATEST TRANSACTION
control field 20160108103438.0
008 - FIXED-LENGTH DATA ELEMENTS--GENERAL INFORMATION
fixed length control field 160108b xxu||||| |||| 00| 0 eng d
040 ## - CATALOGING SOURCE
Transcribing agency PK-LaUMT
082 ## - DEWEY DECIMAL CLASSIFICATION NUMBER
Classification number MMC 954.91092
Item number MUB-M
100 ## - MAIN ENTRY--PERSONAL NAME
Personal name مبارک علی
245 ## - TITLE STATEMENT
Title میری دنیا
Remainder of title آپبیتی
Statement of responsibility, etc مبارک علی
260 ## - PUBLICATION, DISTRIBUTION, ETC. (IMPRINT)
Place of publication, distribution, etc لاہور
Name of publisher, distributor, etc فکشن ہاوس
Date of publication, distribution, etc 2012
300 ## - PHYSICAL DESCRIPTION
Extent 192 ص
942 ## - ADDED ENTRY ELEMENTS (KOHA)
Koha item type Books
Holdings
Withdrawn status Lost status Damaged status Home library Current library Date acquired Full call number Barcode Date last seen Price effective from Koha item type
      UMT Main Campus UMT Main Campus 2016-01-08 MMC 954.91092 MUB-M 95794 2016-01-08 2016-01-08 Books